| 000 | 02046nam a2200289 i 4500 | ||
|---|---|---|---|
| 001 | 180989 | ||
| 003 | ES-MaACL | ||
| 005 | 20250730063153.0 | ||
| 008 | 120928s2010 sp |||| | spa d | ||
| 040 | _cES-MaACL | ||
| 080 | _a658.011.14 | ||
| 100 | 1 |
_aVives, Antonio _c(economista) _eaut _9151461 |
|
| 245 | 1 | 3 |
_aLa responsabilidad social de las empresas : _benfoques ante la crisis : reflexiones con motivo de la III Conferencia España-Iberoamérica sobre la Responsabilidad Social de las Empresas / _cAntonio Vives |
| 250 | _a1ª ed. | ||
| 260 |
_aMadrid : _bFundación Carolina, _c2010 |
||
| 300 |
_a61 páginas ; _c21 cm |
||
| 520 | _aLos días 20 y 21 de octubre de 2010 se celebró en la ciudad de México la III Conferencia Internacional de Responsabilidad Social de las Empresas (RSE), organizada por las fundaciones Carolina de España y México con el apoyo de la Fundación Euroamérica. En la conferencia se abordaron las últimas tendencias en RSE en Iberoamérica con especial énfasis en el papel de la RSE en la crisis "de responsabilidad" que originó la crisis económica y financiera, la importancia de las políticas públicas que promueven el avance en la materia, el papel de los medios de comunicación y su particular responsabilidad, así como algunas perspectivas de futuro. Antonio Vives. director de la Conferencia, recoge en esta publicación las reflexiones que surgieron en las distintas intervenciones y ponencias | ||
| 530 | _aDisponible en formato digital | ||
| 650 | 7 |
_aResponsabilidad social de la empresa _2embne _916871 |
|
| 710 | 2 |
_aFundación Carolina _eedt _9147407 |
|
| 852 |
_aES-MaACL _bR.147108 _cDEPO1 _dOlim: N-5217 _hDonación Real Academia Española _jA-12212 _9187870 |
||
| 856 | 4 |
_uhttps://www.fundacioncarolina.es/la-responsabilidad-social-de-las-empresas-enfoques-ante-la-crisis/ _yVersión en línea _z(Fundación Carolina) |
|
| 914 |
_96336 _aReal Academia Española _ednr |
||
| 942 |
_cMONOGRAFIA _n0 |
||
| 999 |
_c180989 _d180989 |
||